A carregar...

തിരുക്കുറൾ : ഗദ്യ സംഗ്രഹം

Detalhes bibliográficos
Autor principal: തിരുവള്ളുവർ
Formato: Printed Book
Publicado em: Thrissur Kerala Sahitya Akkademi 2010
Assuntos:
LEADER 00560nam a22001457a 4500
020 |a 9788176901406 
082 |a M 894.811 1  |b THI/T 
100 |a തിരുവള്ളുവർ  
245 |a തിരുക്കുറൾ : ഗദ്യ സംഗ്രഹം  
260 |a Thrissur  |b Kerala Sahitya Akkademi  |c 2010 
300 |a 120p. 
650 |a Thirukkural 
942 |c BK 
999 |c 38349  |d 38349 
952 |0 0  |1 0  |4 0  |6 M_894_811000000000000_1_THIT  |7 0  |8 Stack  |9 40623  |a KUCL  |b KUCL  |c Stack  |d 2016-02-11  |g 80.00  |l 1  |o M 894.811 1 THI/T  |p 38111  |r 2018-02-26  |s 2018-02-15  |w 2016-02-11  |y BK